Le Liechtenstein pour les touristes... - Statistiques

Statistiques générales
  • Ce quiz a été pris 23 fois
  • Le résultat moyen est 11 sur 20
Statistiques - réponses
Question Indice Réponses % Correct
Quelle est la langue officielle ? Allemand
100%
Quelles autres langues sont répandues ? F Français
100%
Quelles autres langues sont répandues ? A Anglais
87%
Achats à faire 3/ Douceur cacaotée Chocolat
83%
La conduite se fait à droite ou à gauche ? Droite
83%
Dans la capitale y-a-t-il un décalage horaire avec Paris ? (oui/non) Non
83%
Quelles sont les principales villes touristiques ? V Vaduz
83%
Le taux d'alcoolémie toléré au volant est de {0.8} g/l
74%
La vitesse est limitée hors agglomérations à {80} km/h
74%
Le suffixe internet est li
70%
Achats à faire 2/ Boisson alcoolisée Vin
70%
Achats à faire 1/ Pour les philatélistes Timbres
65%
La religion majoritaire est C Catholicisme
61%
Quels espaces naturels peut-on visiter ? R Chutes du {Rhin}
52%
Quelle est la monnaie ? Franc suisse
48%
Quelles sont les principales villes touristiques ? M Malbun
17%
Quels espaces naturels peut-on visiter ? L Gorges de {Linth}
0%
Quels espaces naturels peut-on visiter ? K Kesslerloch
0%
Quels espaces naturels peut-on visiter ? M Martinsloch
0%
Quels espaces naturels peut-on visiter ? R Sources du {Rin}
0%
Aucun quiz correspondant
Distribution des résultats
% des personnes avec chaque résultat
Percentile par nombre de réponses
Votre historique - résultats
Vous n’avez pas pris ce quiz